|
|
|
|
| LEADER |
00000cam a2200000 a 4500 |
| 001 |
16965 |
| 005 |
20230711063023.0 |
| 008 |
000000|1952 ||||||||r|||||||||||spa|| |
| 040 |
|
|
|b spa
|
| 041 |
1 |
|
|a spa
|
| 082 |
0 |
|
|a 923
|
| 110 |
1 |
|
|a Ministerio de Previsión Social y Sanidad
|9 18921
|
| 245 |
|
|
|a Eugenio Espejo
|c Ministerio de Previsión Social y Sanidad
|h imp
|
| 264 |
|
|
|a Quito
|b Ministerio de Previsión Social
|c 1952
|
| 300 |
|
|
|a 29 páginas:
|c 22 cm
|
| 504 |
|
|
|a incl. ref.
|
| 600 |
1 |
7 |
|a Espejo, Eugenio.
|d 1747-1795
|9 6871
|
| 852 |
|
|
|a UC-CDJBV
|c ESTANTERIA CERRADA
|f Donación
|k margarita.gutierrez
|l 1
|m General
|p 00000000
|r 2
|t 16965
|b 0
|d CDRC
|e CDRC
|g 923 ESTANTERIA CERRADA
|z 0000-00-00
|
| 942 |
|
|
|c BK
|
| 999 |
|
|
|c 10783
|d 10783
|